Control Systems Engineering (Record no. 248033)

MARC details
000 -LEADER
fixed length control field 00420nam a2200169Ia 4500
008 - FIXED-LENGTH DATA ELEMENTS--GENERAL INFORMATION
fixed length control field 240921s9999||||xx |||||||||||||| ||und||
082 ## - DEWEY DECIMAL CLASSIFICATION NUMBER
-- 629.8312 N6
100 ## - MAIN ENTRY--PERSONAL NAME
Personal name Nagrath I.J. and Gopal.M
245 #0 - TITLE STATEMENT
Title Control Systems Engineering
250 ## - EDITION STATEMENT
Edition statement 2nd
260 ## - PUBLICATION, DISTRIBUTION, ETC. (IMPRINT)
Date of publication, distribution, etc 1996
Name of publisher, distributor, etc New Age, New Delhi
650 ## - SUBJECT ADDED ENTRY--TOPICAL TERM
Topical term or geographic name as entry element Control System
942 ## - ADDED ENTRY ELEMENTS (KOHA)
Item type Book Bank
Holdings
Withdrawn status Lost status Damaged status Permanent location Current location Shelving location Date acquired Source of acquisition Full call number Barcode Date last seen Koha item type
      CENTRAL LIBRARY, NOORUL ISLAM CENTRE FOR HIGHER EDUCATION CENTRAL LIBRARY, NOORUL ISLAM CENTRE FOR HIGHER EDUCATION     Nil 629.8312 N6 BB 189 09/21/2024 Book Bank
Visitors:
Copyright © 2024 Central Library NICHE.  All rights reserved.